| 000 | 00954nam a22002057a 4500 | ||
|---|---|---|---|
| 005 | 20180803165601.0 | ||
| 008 | 140822|2010 xxu||||| |||| 00| 0 ck spa d | ||
| 041 | _aspa | ||
| 044 | _ape | ||
| 082 |
_a323.11 _bR93v |
||
| 100 |
_aRuiz-Muller, Manuel _919026 |
||
| 245 |
_aValoración y Protección de los Conocimientos Tradicionales en la Amazonia del Perú: _bSistematización de una Experiencia _c Manuel, Ruiz Muller...(et al.) |
||
| 260 |
_a Perú _bPrograma de pequeñas Donaciones-SGP _bSociedad Peruana de Derecho Ambiental-SPDA _bUNDP-Perú _bThe John D. and Catherine T.MacArthur Foundation-MACARTHUR _bFMAM _c2010 |
||
| 300 |
_a216 p. _bIl, tablas, fot (col). _c25 cm. |
||
| 650 | 6 |
_aComunidades indígenas _992521 |
|
| 650 | 6 |
_aIndígenas de Perú _v Programas _925942 |
|
| 650 | 6 |
_aIndígenas de Perú _xCondiciones sociales _925943 |
|
| 710 |
_aPerú _bPrograma de Asuntos Internacionales y Biodiversidad de la SPDA _925944 |
||
| 942 |
_2ddc _cLIBRO |
||
| 999 |
_c8618 _d8618 |
||